000 00323nam a2200121Ia 4500
008 220613s9999||||xx |||||||||||||| ||und||
100 _aM P CARRAR
245 0 _aHAND BOOK OF CLINICAL MESSAGE A COMPLETE GUIDE FOR STUDENTS AND PRACTIINS
260 _bCHURCHILL
300 _a351
650 _aPhysiotherapy
942 _cPARAC
999 _c8289
_d8289